000 00365nam a2200157 i 4500
001 bg
245 0 0 _aBolsaja Sovetskaja Enciklopedija.
_nT. 4,
_pBrasos - Ves.
250 _a3 izd.
260 _aMoskva,
_c1971.
650 9 _aEncyklopedia rosyjska
040 _cBPK
041 _apol
080 _a03
942 _cKS
008 s pl f |000 0 pol
999 _c13973
_d13973
856 _uhttp://koha.tu.koszalin.pl/cgi-bin/koha/opac-detail.pl?biblionumber=13973
_yKatalog online BPK